| 000 | 00000nam##2200000za#4500 |
| 001 | 9.601680 |
| 003 | CaOODSP |
| 005 | 20210624210204 |
| 007 | cr ||||||||||| |
| 008 | 150406|2005||||xxc|||||o f|0| 0 fre|d |
| 040 | |aCaOODSP|bfre |
| 043 | |an-cn--- |
| 086 | 1 |aYC17-0/381-16F-PDF |
| 110 | 1 |aCanada. |bParlement. |bSénat. |bComité sénatorial permanent des affaires sociales, des sciences et de la technologie. |
| 245 | 10|aProposition de création d'une Commission canadienne de la santé mentale : |h[ressource électronique]|brapport 4 / |cL'honorable Michael J.L. Kirby, président ; l'honorable Wilbert Joseph Keon, vice-président. |
| 246 | 1 |aRapport provisoire du Comité senatorial permanent des affaires sociales, des sciences et de la technologie |
| 260 | |aOttawa - Ontario : |bSénat. |cNovembre 2005. |
| 300 | |a21p.|bréférences |
| 490 | 1 |aRapport du Comité sénatorial permanent des Affaires sociales, des sciences et de la technologie|v38e législature, 1re session, [16e rapport] |
| 590 | |a11-12-Supp|b2011-07-29 |
| 775 | 08|tA proposal to establish a Canadian mental health commission : |w(CaOODSP)9.571037 |
| 830 | #0|aRapport du Comité sénatorial permanent des affaires sociales, des sciences et de la technologie ;|v38e législature, 1re session, [16e rapport]|w(CaOODSP)9.501656 |
| 856 | 40|ahttp://publications.gc.ca|qPDF|s171 Ko|uhttps://publications.gc.ca/collections/collection_2011/sen/yc17-0/YC17-0-381-16-fra.pdf|y38e législature, 1re session, [16e rapport] |